000
00283nam a22001217a 4500
008
180124b xxu||||| |||| 00| 0 eng d
041
_a
eng
080
_a
004
100
_a
30
101
_a
SHK
245
_a
LANGUAGES CONTINUOUS SYSTEMS SIMULATION
_c
CELLIER.F.D
942
_2
udc
_c
BK
999
_c
40867
_d
40867